000 00579nam a2200229Ia 4500
003 OSt
005 20221006164632.0
006 a|||||r|||| 00| 0
007 ta
008 221006b |||||||| |||| 00| 0 eng d
024 _a905
037 _cTextual
040 _aFML
_cFML
_beng
041 _2eng
_aeng
082 _aY7188.5, K2
100 _aHarden Donald Au.
_9677957
245 0 _aPhoenicians
260 _aLondon
_bThames & Hudson
_c1962
300 _a336
_ccm.
942 _hY7188.5, K2
_cTEXL
_2CC
999 _c1117926
_d1117926